|
|
|
|
| LEADER |
00000nab a2200000 4500 |
| 001 |
vtls012245795 |
| 003 |
SK-MaSNL |
| 005 |
20260305042026.0 |
| 008 |
231208|2023 xo |||| ||an ||00 0|slo |
| 015 |
|
|
|a SNBRB2023/12
|
| 040 |
|
|
|a SPKCL
|b slo
|e rda
|
| 041 |
|
|
|a eng
|
| 044 |
|
|
|a xo
|c SK
|
| 072 |
|
7 |
|a 364
|x Sociálne problémy vyžadujúce podporu a pomoc. Sociálne zabezpečenie
|2 konspekt
|
| 080 |
|
|
|a 364
|2 2011
|
| 100 |
1 |
|
|a Kacej, Michal
|4 aut
|9 1623280
|
| 245 |
1 |
4 |
|a The Circulation System of Buildings: a Key Determinant of Social Behaviour and the Quality of Social and Healthcare for People with Cognitive Impairments
|c Michal Kacej, Zuzana Čerešńová
|
| 300 |
|
|
|b Obrázky
|
| 336 |
|
|
|a text
|b txt
|2 rdacontent
|
| 337 |
|
|
|a bez média
|b n
|2 rdamedia
|
| 338 |
|
|
|a zväzok
|b nc
|2 rdacarrier
|
| 504 |
|
|
|a Obsahuje bibliografiu
|
| 546 |
|
|
|a Anglické resumé
|
| 650 |
0 |
7 |
|a zdravotne postihnuté osoby
|2 SNKPH
|9 1249
|
| 650 |
0 |
7 |
|a sociálna starostlivosť
|2 SNKPH
|9 3737
|
| 650 |
0 |
7 |
|a zdravotná starostlivosť
|2 SNKPH
|9 1303
|
| 700 |
1 |
|
|a Čerešňová, Zuzana,
|d 1973-
|4 aut
|9 224182
|
| 773 |
0 |
|
|t Slovenský národopis
|g Roč. 71, č. 3 (2023), s. 244-260
|x 2453-6814
|
| 958 |
|
|
|a NB
|
| 999 |
|
|
|c 3345950
|d 3347880
|